000 00987cab a2200289 4500
001 ABS51470
008 090401t1994 xxu||||| |||| 00| 0 eng d
035 _a(Sirsi) u28853
041 _aeng
100 _aCrichton-Maitland, M.
245 _aChanges to UK foresty and woodland support
260 _c1994
350 _a0
490 _aCSM (Chartered Surveyor Monthly)
_v3(11) September 1994, 32-33(2)
520 _aDiscusses the findings of the government`s forestry review on woodland grants and the proposed restructuring of the Forestry Commission and Forest Enterprise into `Next Steps` agencies.
650 _aANNUAL MANAGEMENT GRANT
650 _aFOREST ENTERPRISE
650 _aFORESTRY COMMISSION
650 _aFORESTRY MANAGEMENT
650 _aLIVESTOCK EXCLUSION ANNUAL PAYMENT
650 _aRESTOCKING GRANT
650 _aWOODLAND GRANT SCHEMES
650 _aWOODLAND IMPROVEMENT GRANT
690 _aRURAL PRACTICE
942 _n0
948 _c04/03/1997
999 _c19407
_d19407